Pokémon - Les attaques de Salarsen Forme Grave - Statistiques

Statistiques générales
  • Ce quiz a été pris 11 fois
  • Le résultat moyen est 17 sur 25
Statistiques - réponses
Niveaux Types Noms des attaques % Correct
Départ Poison Acide
100%
Niveau 36 Électrique Coup d'Jus
100%
Départ Évolution Électrique Étincelle
100%
Niveau 32 Poison Toxik
100%
Niveau 48 Normal Bang Sonique
83%
Départ Poison Bombe Acide
83%
Niveau 4 Électrique Chargeur
83%
Départ Électrique Éclair
83%
Départ Poison Éructation
83%
Départ Électrique Frotte-Frimousse
83%
Niveau 44 Électrique Overdrive
83%
Niveau 40 Poison Direct Toxik
67%
Niveau 52 Électrique Magné-Contrôle
67%
Niveau 8 Électrique Onde de Choc
67%
Départ Électrique Ondes Étranges
67%
Départ Normal Rugissement
67%
Départ Normal Gigotage
50%
Niveau 24 Normal Grincement
50%
Départ Normal Groz'Yeux
50%
Départ Normal Larme à l'Œil
50%
Niveau 12 Normal Grimace
33%
Niveau 20 Poison Piège de Venin
33%
Niveau 16 Ténèbres Provoc
33%
Départ Normal Râle Mâle
33%
Niveau 28 Normal Vantardise
0%
Aucun quiz correspondant
Distribution des résultats
% des personnes avec chaque résultat
Percentile par nombre de réponses
Votre historique - résultats
Vous n’avez pas pris ce quiz